High voltage engineering : (Record no. 9356)

MARC details
000 -LEADER
fixed length control field 00626nac a22001931u 4500
020 ## - INTERNATIONAL STANDARD BOOK NUMBER
International Standard Book Number 8122406130 :
082 00 - DEWEY DECIMAL CLASSIFICATION NUMBER
Classification number 621.31
Item number WAD
090 ## - LOCALLY ASSIGNED LC-TYPE CALL NUMBER (OCLC); LOCAL CALL NUMBER (OCLC)
-- 9356
-- 9356
100 ## - MAIN ENTRY--PERSONAL NAME
Personal name Wadhwa, C. L.
245 10 - TITLE STATEMENT
Title High voltage engineering :
Statement of responsibility, etc C. L. Wadhwa
260 ## - PUBLICATION, DISTRIBUTION, ETC. (IMPRINT)
Place of publication, distribution, etc New Delhi,
Name of publisher, distributor, etc New age,1994.
Date of publication, distribution, etc c1994.
300 ## - PHYSICAL DESCRIPTION
Extent viii, 281p.:
Other physical details ill.;
Dimensions 20 cm.
500 ## - GENERAL NOTE
General note Distributer: Al-Ahram
504 ## - BIBLIOGRAPHY, ETC. NOTE
Bibliography, etc Includes bibliographical references and index.
511 ## - PARTICIPANT OR PERFORMER NOTE
Participant or performer note Catalogued by: Sara
650 #0 - SUBJECT ADDED ENTRY--TOPICAL TERM
Topical term or geographic name as entry element Electric insulators and insulation.
650 #0 - SUBJECT ADDED ENTRY--TOPICAL TERM
Topical term or geographic name as entry element Breakdown (Electricity)
942 ## - ADDED ENTRY ELEMENTS (KOHA)
Item type Book - Borrowing
Call number prefix 621.31WAD
Holdings
Withdrawn status Item status Damaged status Not for loan Home library Current library Shelving location Date acquired Source of acquisition Total Checkouts Full call number Barcode Date last seen Koha item type
        Central Library Central Library First floor 05/05/2008 Purchase   621.31WAD 000011088 15/07/2025 Book - Borrowing